| 000 | 01161nam a22002417a 4500 | ||
|---|---|---|---|
| 003 | OSt | ||
| 005 | 20160620110125.0 | ||
| 008 | 150409b2010 slv spa | ||
| 040 | _cBMC | ||
| 082 | _a004.21 | ||
| 082 | _a021.65 | ||
| 100 | 1 |
_934811 _aBaños Aguilar, Patricia Aracely |
|
| 245 | 1 | 0 |
_aDiseño e implementación de un sistema informático para el departamento de trabajo social de la Fundación Escuela Hogar Nuestros Pequeños Hermanos El Salvador _b: Informe final del proyecto _cPatricia Aracely Baños Aguilar, Katia Marlene Guzmán Colocho |
| 260 |
_aSanta Ana (El Salvador) _bUniversidad Católica de El Salvador _c2010 |
||
| 300 |
_a132 h. _bil. col _c28 cm |
||
| 500 | _aPrecede al tít.: Universidad Católica de El Salvador, Facultad de Ciencias Empresariales | ||
| 502 | _aPara optar al título de Licenciado(a) en Sistemas Informáticos Administrativos | ||
| 650 | 2 | 4 |
_91736 _aAdministración de sistemas de información |
| 650 | 2 | 4 |
_94867 _aSistemas de información |
| 700 | 1 |
_934812 _aGuzmán Colocho, Katia Marlene |
|
| 710 | 2 |
_91067 _aUniversidad Católica de El Salvador _bFacultad de Ciencias Empresariales |
|
| 942 |
_2ddc _cTG |
||
| 999 |
_c21262 _d21262 |
||